A fenntartható divat gazdasági, környezeti hatásainak vizsgálata egy primer kutatással

Bibliográfiai részletek
Szerző: Gál Tamás
További közreműködők: Brávácz Dr. Ibolya
Dokumentumtípus: Diplomadolgozat
Kulcsszavak:Gál Tamás
Fenntartható divat
Slow fashon
Fast fashion
Printa
Online Access:http://dolgozattar.uni-bge.hu/5226

MARC

LEADER 00000nta a2200000 i 4500
001 dolg5226
005 20160727104248.0
008 160429suuuu hu om 000 hun d
040 |a BGE Dolgozattár Repozitórium  |b hun 
041 |a hu 
100 1 |a Gál Tamás 
245 1 2 |a A fenntartható divat gazdasági, környezeti hatásainak vizsgálata egy primer kutatással  |c Gál Tamás  |h [elektronikus dokumentum] 
246 1 1 |a A fenntartható divat gazdasági, környezeti hatásainak vizsgálata egy primer kutatással 
695 |a Gál Tamás 
695 |a Fenntartható divat 
695 |a Slow fashon 
695 |a Fast fashion 
695 |a Printa 
700 1 |a Brávácz Dr. Ibolya  |e ths 
856 4 0 |u http://dolgozattar.uni-bge.hu/5226/1/Ga%CC%81l%20Tama%CC%81s%20-%20Szakdolgozat%20-%20BGE%20KVIK%20-%202016.pdf  |z Dokumentum-elérés